000 00700nam a2200265Ia 4500
003 OSt
005 20221006151706.0
006 a|||||r|||| 00| 0
007 ta
008 221006b |||||||| |||| 00| 0 jpn d
020 _c¥1200
024 _a23,023
037 _bGift, Japan Foundation
_cTextual
040 _aEASL
_cEASL
_bjpn
041 _2jpn
_ajpn
082 _aP42,J9, L8
100 _aMIYOSHI Hiroshi
_9659813
245 0 _aNichiei kotoba no chigai
260 _aTokyo
_bKoronsha Japan
_c1978
300 _a238p.
_ccm.
490 _v JL
650 _aJL
942 _hP42,J9, L8
_cTEXL
_2CC
999 _c1091109
_d1091109